Trade liberalisation and foreign investment in India:1991-2001 / (Record no. 169548)

MARC details
000 -LEADER
fixed length control field 00841nam a22002297a 4500
005 - DATE AND TIME OF LATEST TRANSACTION
control field 20191122154444.0
010 ## - LCCN (DPL NO)
LC control number B-058992
020 ## - INTERNATIONAL STANDARD BOOK NUMBER
Terms of availability 470.00
International Standard Book Number 8177080148
035 ## - SYSTEM CONTROL NUMBER
System control number B-058992
037 ## - SOURCE OF ACQUISITION
Source of stock number/acquisition New Century Publications
082 ## - DEWEY DECIMAL CLASSIFICATION NUMBER
Classification number 332.673
Item number MAT
100 ## - MAIN ENTRY--PERSONAL NAME
Personal name Mathur, Vibha
245 ## - TITLE STATEMENT
Title Trade liberalisation and foreign investment in India:1991-2001 /
Statement of responsibility, etc by Vibha Mathur
260 ## - PUBLICATION, DISTRIBUTION, ETC. (IMPRINT)
Place of publication, distribution, etc Delhi
Name of publisher, distributor, etc New Century Publications
Date of publication, distribution, etc 2001
270 ## - ADDRESS
Address 34, Gujranwala Town, Part-2,
City Delhi
Postal code 110033
300 ## - PHYSICAL DESCRIPTION
Extent xi,243p. :
Dimensions 20cm(Hb)
Other physical details ill.
500 ## - GENERAL NOTE
General note Includes bibliographical references and index
650 ## - SUBJECT ADDED ENTRY--TOPICAL TERM
Topical term or geographic name as entry element Trade Policies-India.
650 ## - SUBJECT ADDED ENTRY--TOPICAL TERM
Topical term or geographic name as entry element Foreign Direct Investment in India.
942 ## - ADDED ENTRY ELEMENTS (KOHA)
Source of classification or shelving scheme Dewey Decimal Classification
Item type English Books
Classification part 332.673
Call number suffix MAT

No items available.


© Delhi Public Library
Hit Counter
free hit counter